000 00334nam a2200133Ia 4500
008 240624s9999 xx 000 0 und d
041 _aeng
082 _a920 KAB
100 _aKABIR NASREEN MUNNI
245 _aCONVERSATIONS WITH WAHEEDA REHMAN
260 _c2014
_aNew Delhi
_bPenguin
300 _a227 : p, : cm. ; 20
365 _cRS
999 _c24442
_d24442